000 00457nam a2200181Ia 4500
001 12744
005 20260306163003.0
008 260306t2010||||xx |||||||||||||| ||spa||
041 _aESP
082 _aRD 150.3
_bA161
100 _aNúñez Herrejón, José Luis [trad.]
_eAUT
245 0 _aAPA Diccionario conciso de Psicología
260 _c2010
300 _a587 páginas :
_c23 cm.
650 _aGEN
654 _aCPS
942 _cDIC
_dJUS
_fJUS
_2ddc
_n
999 _c12744
_d12744